00830nam a2200277 u 450000100070000000500170000700800410002403500110006503500210007604000130009704100080011008000060011810000420012424500390016665000180020565000180022365000330024165000200027465000300029465000190032465000370034365000570038077300860043794200120052399900170053515973520240201125833.0971217m19231938 spa  a159735 a(OCoLC)778015928 ccomduadb aspa aT10aJimenez Gomez, Abel4auteaut948982710aCistoscopia y cateterismo ureteral aVejiga949308 aUretra918392 aAnestesia - Métodos923983 aCistitis937219 aTuberculosis renal919358 aTumores915035 aPróstata - Enfermedades949760 aHistoria de la medicina - Colombia - Siglo XX9507290 tLa electro-reseccion transuretral en el hipertrofia de la prostataw159709079049 cBOOKn0 c75860d75860